Normal view
MARC view
- Merki, Mary Bronson, Merki, Mary Bronson, Merki, Don, Merki, Don
Entry Personal Name
001 - CONTROL NUMBER
- control field: 63134
003 - CONTROL NUMBER IDENTIFIER
- control field: NUST
005 - DATE AND TIME OF LATEST TRANSACTION
- control field: 20210628203051.0
008 - FIXED-LENGTH DATA ELEMENTS
- fixed length control field: 210628|| aca||aabn | a|a d
040 ## - CATALOGING SOURCE
- Original cataloging agency: NUST
- Transcribing agency: NUST
100 ## - HEADING--PERSONAL NAME
- Personal name: Merki, Mary Bronson, Merki, Mary Bronson, Merki, Don, Merki, Don
670 ## - SOURCE DATA FOUND
- Source citation: Work cat.: (NUST): Merki, Mary Bronson, Merki, Mary Bronson, Merki, Don, Merki, Don, Glencoe health, a guide to wellness, 2000
